| 000 | 01039naa a2200277 c 4500 | ||
|---|---|---|---|
| 001 | 40000 | ||
| 003 | ES-MaCES | ||
| 005 | 20100311123200.0 | ||
| 008 | 100311n2010 sp t 000 | spa d | ||
| 035 | _aCES20100003384v | ||
| 040 |
_aES-MaCES _bspa _cES-MaCES |
||
| 100 | 1 |
_aLousada Arochena, José Fernando _917072 |
|
| 245 | 1 | 0 |
_aAnálisis de la incidencia de la Ley 13/2009, de 3 de noviembre, sobre el procedimiento laboral _b: una primera aproximación _cJosé Fernando Lousada Arochena |
| 650 | 4 |
_aEspaña _926964 |
|
| 650 | 4 |
_acomentario _928971 |
|
| 650 | 4 |
_aadministración de justicia _927204 |
|
| 650 | 4 |
_asentencia judicial _929888 |
|
| 650 | 4 |
_aderecho procesal _930896 |
|
| 650 | 4 |
_atribunal del trabajo _927164 |
|
| 650 | 4 |
_aprocedimiento laboral _930887 |
|
| 653 | 1 | 0 | _aJurisprudencia |
| 773 | 0 |
_tActualidad laboral _gn. 4 (2ª quinc. feb. 2010){10002 R. 076244}; p. 383-404 _w(ES-MaCES)25022 _929306 |
|
| 902 | _aART Artículo de revista | ||
| 942 |
_2CES _cAR _h6.2. |
||
| 999 |
_c40000 _d40000 |
||